[Event "15th Lazio Festival 2022"]
[Site "Rome"]
[Date "2022.01.02"]
[Round "1.1"]
[White "Petrov, Marian"]
[Black "Pastore, Cosmas"]
[Result "1-0"]
[WhiteElo "2461"]
[BlackElo "1807"]
[Annotator "ChessBase"]
[PlyCount "111"]
[EventDate "2022.01.02"]
[EventType "swiss"]
[EventCountry "ITA"]
[SourceTitle "playchess.com"]
[Source "ChessBase"]
[SourceQuality "1"]
[TimeControl "5400+30"]

1. e4 {[%emt 0:00:05]} e5 {[%emt 0:00:04]} 2. Nf3 {[%emt 0:00:36]} Nc6 {[%emt 0:00:03]} 3. Bc4 {[%emt 0:00:53]} Nf6 {[%emt 0:00:03]} 4. d3 {[%emt 0:00:25]} Bc5 {[%emt 0:00:04]} 5. O-O {[%emt 0:00:27]} O-O {[%emt 0:00:09]} 6. a4 {[%emt 0:00:52]} d6 {[%emt 0:00:46]} 7. c3 {[%emt 0:02:00]} a5 {[%emt 0:01:49]} 8. Nbd2 {[%emt 0:01:26]} h6 {[%emt 0:01:12]} 9. Re1 {[%emt 0:00:54]} Ng4 {[%emt 0:02:07]} 10. Re2 {[%emt 0:00:45]} Bb6 {[%emt 0:01:34]} 11. Nf1 {[%emt 0:00:38]} Ne7 {[%emt 0:01:38]} 12. h3 {[%emt 0:01:19]} Nf6 {[%emt 0:00:53]} 13. Ng3 {[%emt 0:03:45]} Ng6 {[%emt 0:01:14]} 14. d4 {[%emt 0:03:30]} Re8 {[%emt 0:05:44]} 15. Be3 {[%emt 0:10:55]} exd4 {[%emt 0:04:29]} 16. Bxd4 {[%emt 0:00:35]} Bxd4 {[%emt 0:03:38]} 17. Nxd4 {[%emt 0:02:38]} Nf4 {[%emt 0:10:33]} 18. Re3 {[%emt 0:02:49]} d5 {[%emt 0:12:10]} 19. exd5 {[%emt 0:01:54]} Rxe3 {[%emt 0:07:37]} 20. fxe3 {[%emt 0:01:37]} N4xd5 {[%emt 0:00:58]} 21. Qf3 {[%emt 0:05:11]} Nb6 {[%emt 0:02:17]} 22. Bb3 {[%emt 0:00:25]} c5 {[%emt 0:02:45]} 23. Ndf5 {[%emt 0:05:40]} Bxf5 {[%emt 0:09:55]} 24. Nxf5 {[%emt 0:00:58]} c4 {[%emt 0:00:47]} 25. Rd1 {[%emt 0:01:45]} Qc7 {[%emt 0:00:52]} 26. Bc2 {[%emt 0:01:25]} Nbd7 {[%emt 0:10:45]} 27. Nd6 {[%emt 0:05:44]} Rb8 {[%emt 0:05:17]} 28. Rd4 {[%emt 0:03:59]} Ne5 {[%emt 0:03:06]} 29. Qf4 {[%emt 0:02:27]} Nd3 {[%emt 0:01:53]} 30. Rxc4 {[%emt 0:01:35]} Nxf4 {[%emt 0:00:39]} 31. Rxc7 {[%emt 0:00:08]} N4d5 {[%emt 0:00:15]} 32. Rxb7 {[%emt 0:00:29]} Rxb7 {[%emt 0:01:34]} 33. Nxb7 {[%emt 0:00:08]} Nxe3 {[%emt 0:00:16]} 34. Bb3 {[%emt 0:01:21]} Ne4 {[%emt 0:00:35]} 35. Nxa5 {[%emt 0:00:25]} Nd2 {[%emt 0:00:51]} 36. Kf2 {[%emt 0:01:02]} Nxb3 {[%emt 0:00:38]} 37. Nxb3 {[%emt 0:00:55]} Nd1+ {[%emt 0:00:08]} 38. Ke2 {[%emt 0:01:24]} Nxb2 {[%emt 0:00:12]} 39. a5 {[%emt 0:00:06]} Kf8 {[%emt 0:03:29]} 40. a6 {[%emt 0:02:22]} Na4 {[%emt 0:00:36]} 41. Kd3 {[%emt 0:02:11]} Ke7 {[%emt 0:05:35]} 42. a7 {[%emt 0:02:27]} Nb6 {[%emt 0:00:19]} 43. c4 {[%emt 0:01:10]} Kd7 {[%emt 0:00:31]} 44. c5 {[%emt 0:00:35]} Na8 {[%emt 0:00:16]} 45. Kc4 {[%emt 0:00:06]} Nc7 {[%emt 0:01:35]} 46. Nd4 {[%emt 0:00:29]} Na8 {[%emt 0:01:03]} 47. Nf5 {[%emt 0:02:35]} Kc6 {[%emt 0:00:20]} 48. Nxg7 {[%emt 0:00:35]} Kb7 {[%emt 0:00:14]} 49. Nf5 {[%emt 0:00:45]} h5 {[%emt 0:00:23]} 50. h4 {[%emt 0:03:01]} Kxa7 {[%emt 0:00:18]} 51. g4 {[%emt 0:01:33]} Nc7 {[%emt 0:00:57]} 52. gxh5 {[%emt 0:00:30]} Ne6 {[%emt 0:00:40]} 53. h6 {[%emt 0:00:17]} Nf8 {[%emt 0:00:25]} 54. Kd5 {[%emt 0:00:43]} Kb7 {[%emt 0:00:21]} 55. Kd6 {[%emt 0:00:12]} Kc8 {[%emt 0:00:22]} 56. c6 {[%emt 0:00:19]} 1-0

[Event "15th Lazio Festival 2022"]
[Site "Rome"]
[Date "2022.01.02"]
[Round "1.2"]
[White "Porcu, Riccardo"]
[Black "Aghayev, Miragha"]
[Result "0-1"]
[WhiteElo "1771"]
[BlackElo "2393"]
[Annotator "ChessBase"]
[PlyCount "66"]
[EventDate "2022.01.02"]
[EventType "swiss"]
[EventCountry "ITA"]
[SourceTitle "playchess.com"]
[Source "ChessBase"]
[SourceQuality "1"]
[TimeControl "5400+30"]

1. e4 {[%emt 0:00:05]} c5 {[%emt 0:17:52]} 2. Nf3 {[%emt 0:00:06]} d6 {[%emt 0:00:20]} 3. d4 {[%emt 0:00:06]} cxd4 {[%emt 0:00:06]} 4. Nxd4 {[%emt 0:00:05]} Nf6 {[%emt 0:00:04]} 5. Nc3 {[%emt 0:00:06]} Bd7 {[%emt 0:00:04]} 6. Bc4 {[%emt 0:06:04]} Nc6 {[%emt 0:00:17]} 7. O-O {[%emt 0:03:08]} g6 {[%emt 0:00:27]} 8. Kh1 {[%emt 0:02:29]} Bg7 {[%emt 0:00:21]} 9. Nxc6 {[%emt 0:01:59]} Bxc6 {[%emt 0:10:06]} 10. f3 {[%emt 0:00:29]} O-O {[%emt 0:00:08]} 11. Be3 {[%emt 0:04:44]} a6 {[%emt 0:01:50]} 12. a4 {[%emt 0:13:22]} Qa5 {[%emt 0:07:36]} 13. Nd5 {[%emt 0:10:31]} Bxd5 {[%emt 0:05:08]} 14. exd5 {[%emt 0:04:07]} Rac8 {[%emt 0:01:01]} 15. Bb3 {[%emt 0:02:08]} Nd7 {[%emt 0:01:53]} 16. Bd4 {[%emt 0:02:35]} Bxd4 {[%emt 0:01:17]} 17. Qxd4 {[%emt 0:00:06]} Nc5 {[%emt 0:00:26]} 18. Bc4 {[%emt 0:09:32]} Qb4 {[%emt 0:02:23]} 19. Rfd1 {[%emt 0:14:59]} Nxa4 {[%emt 0:06:51]} 20. Bxa6 {[%emt 0:02:12]} Qxd4 {[%emt 0:01:54]} 21. Rxd4 {[%emt 0:00:08]} bxa6 {[%emt 0:03:23]} 22. Rdxa4 {[%emt 0:06:17]} Rxc2 {[%emt 0:00:31]} 23. Rxa6 {[%emt 0:02:06]} Rxb2 {[%emt 0:03:14]} 24. h3 {[%emt 0:00:21]} Re2 {[%emt 0:00:28]} 25. R1a2 {[%emt 0:02:22]} Re1+ {[%emt 0:01:47]} 26. Kh2 {[%emt 0:00:07]} Rc8 {[%emt 0:00:21]} 27. Rc6 {[%emt 0:05:07]} Rb8 {[%emt 0:00:40]} 28. Rc7 {[%emt 0:03:26]} Kg7 {[%emt 0:00:20]} 29. Raa7 {[%emt 0:03:04]} Kf6 {[%emt 0:00:09]} 30. g4 {[%emt 0:00:49]} Rb2+ {[%emt 0:00:49]} 31. Kg3 {[%emt 0:00:06]} Rg1+ {[%emt 0:02:02]} 32. Kf4 {[%emt 0:00:04]} Re2 {[%emt 0:00:19]} 33. h4 {[%emt 0:01:32]} h6 {[%emt 0:00:12]} 0-1

[Event "15th Lazio Festival 2022"]
[Site "Rome"]
[Date "2022.01.02"]
[Round "1.3"]
[White "D`antonio, Neri"]
[Black "Spada, Dario"]
[Result "1-0"]
[WhiteElo "2280"]
[BlackElo "1749"]
[Annotator "ChessBase"]
[PlyCount "51"]
[EventDate "2022.01.02"]
[EventType "swiss"]
[EventCountry "ITA"]
[SourceTitle "playchess.com"]
[Source "ChessBase"]
[SourceQuality "1"]
[TimeControl "5400+30"]

1. e4 {[%emt 0:00:03]} e6 {[%emt 0:00:11]} 2. d4 {[%emt 0:00:16]} d5 {[%emt 0:00:06]} 3. Nd2 {[%emt 0:00:13]} Nf6 {[%emt 0:00:49]} 4. e5 {[%emt 0:00:17]} Nfd7 {[%emt 0:00:06]} 5. Bd3 {[%emt 0:00:56]} c5 {[%emt 0:00:07]} 6. c3 {[%emt 0:00:06]} Nc6 {[%emt 1:32:11]} 7. Ne2 {[%emt 0:00:14]} Qb6 {[%emt 0:00:00]} 8. Nf3 {[%emt 0:04:58]} Be7 {[%emt 0:00:00]} 9. O-O {[%emt 0:01:31]} cxd4 {[%emt 0:00:00]} 10. cxd4 {[%emt 0:00:47]} a5 {[%emt 0:00:00]} 11. Re1 {[%emt 0:12:29]} Nb4 {[%emt 0:00:00]} 12. Bb1 {[%emt 0:01:04]} Qa7 {[%emt 0:00:00]} 13. Nc3 {[%emt 0:01:44]} Nb6 {[%emt 0:00:00]} 14. Bg5 {[%emt 0:04:37]} Bd7 {[%emt 0:00:00]} 15. a3 {[%emt 0:07:05]} Nc6 {[%emt 0:00:00]} 16. Nb5 {[%emt 0:01:07]} Qb8 {[%emt 0:00:00]} 17. Bxe7 {[%emt 0:00:28]} Kxe7 {[%emt 0:00:00]} 18. Nd6 {[%emt 0:01:52]} h6 {[%emt 0:00:00]} 19. Nh4 {[%emt 0:25:46]} Nc8 {[%emt 0:00:00]} 20. Qf3 {[%emt 0:04:48]} Rf8 {[%emt 0:00:00]} 21. Bg6 {[%emt 0:19:26]} Nxd4 {[%emt 0:02:26]} 22. Qf4 {[%emt 0:01:11]} Nb5 {[%emt 0:02:50]} 23. Bxf7 {[%emt 0:02:10]} Ncxd6 {[%emt 0:02:41]} 24. Ng6+ {[%emt 0:00:25]} Kd8 {[%emt 0:00:23]} 25. Nxf8 {[%emt 0:00:58]} Nf5 {[%emt 0:00:37]} 26. Bxe6 {[%emt 0:00:42]} 1-0

[Event "15th Lazio Festival 2022"]
[Site "Rome"]
[Date "2022.01.02"]
[Round "1.4"]
[White "Campanella, Giovanni"]
[Black "Corvi, Marco"]
[Result "0-1"]
[WhiteElo "1763"]
[BlackElo "2288"]
[Annotator "ChessBase"]
[PlyCount "66"]
[EventDate "2022.01.02"]
[EventType "swiss"]
[EventCountry "ITA"]
[SourceTitle "playchess.com"]
[Source "ChessBase"]
[SourceQuality "1"]
[TimeControl "5400+30"]

1. g3 {[%emt 0:00:05]} d5 {[%emt 0:00:45]} 2. Nf3 {[%emt 0:00:17]} Nc6 {[%emt 0:01:19]} 3. Bg2 {[%emt 0:00:28]} e5 {[%emt 0:01:06]} 4. d3 {[%emt 0:00:49]} f6 {[%emt 0:00:45]} 5. O-O {[%emt 0:00:27]} Be6 {[%emt 0:00:06]} 6. b3 {[%emt 0:02:27]} Qd7 {[%emt 0:00:05]} 7. Bb2 {[%emt 0:01:32]} h5 {[%emt 0:02:28]} 8. c4 {[%emt 0:04:11]} Nge7 {[%emt 0:05:26]} 9. cxd5 {[%emt 0:03:14]} Nxd5 {[%emt 0:06:07]} 10. Nc3 {[%emt 0:01:55]} O-O-O {[%emt 0:05:43]} 11. a3 {[%emt 0:03:56]} g5 {[%emt 0:05:27]} 12. b4 {[%emt 0:04:29]} h4 {[%emt 0:00:59]} 13. b5 {[%emt 0:02:12]} Nd4 {[%emt 0:03:02]} 14. Ne4 {[%emt 0:06:55]} Nxf3+ {[%emt 0:03:00]} 15. Bxf3 {[%emt 0:00:39]} hxg3 {[%emt 0:00:09]} 16. fxg3 {[%emt 0:01:50]} Qh7 {[%emt 0:05:20]} 17. Rf2 {[%emt 0:02:17]} Kb8 {[%emt 0:07:46]} 18. Qa4 {[%emt 0:02:25]} g4 {[%emt 0:04:50]} 19. Nxf6 {[%emt 0:10:34]} Nxf6 {[%emt 0:02:29]} 20. Bxb7 {[%emt 0:00:12]} Bc5 {[%emt 0:02:04]} 21. d4 {[%emt 0:00:43]} Rxd4 {[%emt 0:00:57]} 22. Bxd4 {[%emt 0:02:11]} Bxd4 {[%emt 0:00:04]} 23. Bg2 {[%emt 0:01:08]} Qxh2+ {[%emt 0:03:01]} 24. Kf1 {[%emt 0:02:17]} Qh1+ {[%emt 0:02:41]} 25. Bxh1 {[%emt 0:00:30]} Rxh1+ {[%emt 0:00:04]} 26. Kg2 {[%emt 0:01:16]} Bd5+ {[%emt 0:00:04]} 27. Rf3 {[%emt 0:00:11]} Rxa1 {[%emt 0:00:14]} 28. Qb4 {[%emt 0:06:02]} Kb7 {[%emt 0:07:45]} 29. Qe7 {[%emt 0:04:14]} gxf3+ {[%emt 0:03:38]} 30. exf3 {[%emt 0:00:41]} Rg1+ {[%emt 0:01:19]} 31. Kh3 {[%emt 0:00:06]} Bxf3 {[%emt 0:00:54]} 32. Kh4 {[%emt 0:06:18]} Be3 {[%emt 0:01:11]} 33. g4 {[%emt 0:00:09]} Bf4 {[%emt 0:01:25]} 0-1

[Event "15th Lazio Festival 2022"]
[Site "Rome"]
[Date "2022.01.02"]
[Round "1.6"]
[White "Silici, Renato"]
[Black "Lami, Damiano"]
[Result "0-1"]
[WhiteElo "1727"]
[BlackElo "2019"]
[Annotator "NA"]
[PlyCount "77"]
[EventDate "2022.01.02"]
[EventType "swiss"]
[EventCountry "ITA"]
[SourceTitle "playchess.com"]
[Source "ChessBase"]
[SourceQuality "1"]
[TimeControl "5400+30"]

1. c4 {[%emt 1:31:00]} Nf6 {[%emt 1:31:00]} 2. Nc3 {[%emt 0:00:30]} e6 {[%emt 0:00:30]} 3. Nf3 {[%emt 0:00:30]} d5 {[%emt 0:00:30]} 4. d4 {[%emt 0:00:30]} c6 {[%emt 0:00:30]} 5. e3 {[%emt 0:00:30]} Nbd7 {[%emt 0:00:30]} 6. cxd5 {[%emt 0:00:30]} exd5 {[%emt 0:00:30]} 7. Bd3 {[%emt 0:00:30]} Bd6 {[%emt 0:00:30]} 8. O-O {[%emt 0:00:30]} O-O {[%emt 0:00:30]} 9. Nd2 {[%emt 0:00:30]} Re8 {[%emt 0:00:30]} 10. Re1 {[%emt 0:00:30]} Qc7 {[%emt 0:00:30]} 11. h3 {[%emt 0:00:30]} b5 {[%emt 0:00:30]} 12. a3 {[%emt 0:00:30]} a5 {[%emt 0:00:30]} 13. e4 {[%emt 0:00:30]} dxe4 {[%emt 0:00:30]} 14. Ndxe4 {[%emt 0:00:30]} Bh2+ {[%emt 0:00:30]} 15. Kh1 {[%emt 0:00:30]} Bd6 {[%emt 0:00:30]} 16. Bg5 {[%emt 0:00:30]} Nxe4 {[%emt 0:00:30]} 17. Nxe4 {[%emt 0:00:30]} Re6 {[%emt 0:00:30]} 18. Rc1 {[%emt 0:00:30]} Bf4 {[%emt 0:00:30]} 19. d5 {[%emt 0:00:30]} Rxe4 {[%emt 0:00:30]} 20. Rxe4 {[%emt 0:00:30]} Bxg5 {[%emt 0:00:30]} 21. Re8+ {[%emt 0:00:30]} Nf8 {[%emt 0:00:30]} 22. Qh5 {[%emt 0:00:30]} h6 {[%emt 0:00:30]} 23. Rxc6 {[%emt 0:00:30]} Qd7 {[%emt 0:00:30]} 24. Re5 {[%emt 0:00:30]} Bb7 {[%emt 0:00:30]} 25. Bxb5 {[%emt 0:00:30]} Qd8 {[%emt 0:00:30]} 26. Rc4 {[%emt 0:00:30]} Bxd5 {[%emt 0:00:30]} 27. Rc2 {[%emt 0:00:30]} Ne6 {[%emt 0:00:30]} 28. h4 {[%emt 0:00:30]} Bxg2+ {[%emt 0:00:30]} 29. Kg1 {[%emt 0:00:30]} Qb8 {[%emt 0:00:30]} 30. Rce2 {[%emt 0:00:30]} Nf4 {[%emt 0:00:30]} 31. Re8+ {[%emt 0:00:30]} Qxe8 {[%emt 0:00:30]} 32. Rxe8+ Rxe8 {[%emt 0:00:30]} 33. Qd1 {[%emt 0:01:00]} Re5 {[%emt 0:00:30]} 34. hxg5 {[%emt 0:00:30]} Rxg5 {[%emt 0:00:30]} 35. Qd8+ {[%emt 0:00:30]} Kh7 {[%emt 0:00:30]} 36. Bd3+ {[%emt 0:00:30]} Nxd3 {[%emt 0:00:30]} 37. Qxd3+ {[%emt 0:00:30]} Be4+ {[%emt 0:00:30]} 38. Qg3 {[%emt 0:00:30]} Rxg3+ {[%emt 0:00:30]} 39. fxg3 {[%emt 0:00:30]} 0-1

[Event "15th Lazio Festival 2022"]
[Site "Rome"]
[Date "2022.01.03"]
[Round "2.1"]
[White "Maldonado, Stefano"]
[Black "Petrov, Marian"]
[Result "0-1"]
[WhiteElo "1916"]
[BlackElo "2461"]
[Annotator "TA"]
[PlyCount "48"]
[EventDate "2022.01.02"]
[EventType "swiss"]
[EventCountry "ITA"]
[SourceTitle "playchess.com"]
[Source "ChessBase"]
[SourceQuality "1"]

{[%evp 12,48,0,-3,0,-2,33,20,39,33,39,-35,-19,-19,-19,-16,-17,-35,-22,-91,-84,-148,-147,-225,-230,-431,-412,-425,-423,-562,-559,-1514,-1460,-2456,-2391,-29974,-29975,-12827,-2165]} 1. e4 c5 2. Nf3 a6 3. d4 cxd4 4. Nxd4 Nf6 5. Nc3 e5 6. Nb3 Bb4 7. Bd2 Nc6 {B28: Sicilian: 2 Nf3 a6 (O'Kelly Variation).} 8. Bd3 d5 9. exd5 (9. Nxd5 {with more complications.} Nxd5 10. exd5 Qxd5 11. O-O Be6 12. Re1) 9... Nxd5 {The position is equal.} 10. Nxd5 Qxd5 11. Qe2 (11. O-O $14) 11... Bxd2+ {[#]} 12. Qxd2 $146 ({Predecessor:} 12. Nxd2 O-O 13. Bc4 Qxg2 14. O-O-O Bg4 15. Qf1 Qxf1 16. Rdxf1 Rac8 17. f3 Bf5 18. Ne4 Rfd8 19. c3 Nd4 20. Bd3 Bg6 21. h4 h5 22. Bb1 Ne2+ 23. Kc2 Ng3 {0-1 (23) Milosevic,J (1787)-Maric,M (2276) Valjevo 2012}) 12... Qxg2 13. O-O-O Qf3 14. Nc5 O-O ({Of course not} 14... Qd5 15. Be4 $1 Qxd2+ 16. Rxd2 $11) 15. Rde1 (15. Be4 $11 {keeps the balance.} Qf6 16. Qe3) 15... Bf5 $17 16. Bxf5 (16. Qe3 $142 Qh5 17. Kb1) 16... Qxf5 17. Nxb7 {[#]} (17. Rhg1 $17) 17... Nd4 $1 $19 18. Re3 $2 (18. Qd3 Qxf2 19. Rhf1 Qxh2 20. Rh1 Qf4+ 21. Kb1) 18... Rfc8 {[%cal Rc8c2]} 19. c3 {[#] aiming for Nd6.} Qd7 {Prevents Nd6.} 20. Rg3 Qxb7 21. Rxg7+ Kxg7 22. Rg1+ Kh8 23. Qg5 Ne2+ 24. Kd1 Nxg1 {Weighted Error Value: White=1.30/Black=0.04 (flawless)} 0-1

[Event "15th Lazio Festival 2022"]
[Site "Rome"]
[Date "2022.01.03"]
[Round "2.2"]
[White "Aghayev, Miragha"]
[Black "Zotti, Enrico"]
[Result "1-0"]
[WhiteElo "2393"]
[BlackElo "1829"]
[Annotator "TA"]
[PlyCount "81"]
[EventDate "2022.01.02"]
[EventType "swiss"]
[EventCountry "ITA"]
[SourceTitle "playchess.com"]
[Source "ChessBase"]
[SourceQuality "1"]

{[%evp 9,81,2,12,11,41,34,55,38,29,29,31,35,32,35,37,37,28,6,43,53,48,52,53,56,52,58,58,29,58,35,33,34,45,45,54,0,0,-22,60,-112,45,41,35,54,91,0,0,0,0,0,91,44,48,0,0,0,0,-40,100,82,143,142,135,105,245,231,227,130,145,141,779,775,29987,29988]} 1. e4 c5 2. Nf3 d6 3. d4 cxd4 4. Qxd4 Nc6 5. Qe3 Nf6 6. Be2 {B53: Sicilian: 2...d6: Lines with Qxd4.} e6 7. O-O Be7 8. Rd1 {White is slightly better.} Qc7 9. c4 O-O 10. Nc3 b6 11. b3 Bb7 12. Ba3 {[#]} Rad8 $146 ({Predecessor:} 12... Rfd8 13. Rd3 Rd7 14. Rad1 Rad8 15. Qd2 a5 16. Nb5 Qb8 17. Nxd6 Bxd6 18. Bxd6 Nxe4 19. Bxb8 Nxd2 20. R1xd2 Rxd3 21. Rxd3 Rxd3 22. Bxd3 Nxb8 {0-1 (54) Kitova,T-Kitov,D Tula 2005}) 13. Rac1 Rfe8 {[#]} 14. Nd5 $1 Qb8 (14... exd5 $2 15. cxd5 Bf8 16. dxc6 $16) 15. Nxe7+ Nxe7 16. Bd3 Ng6 17. Bb2 e5 18. Nd2 Nf4 19. Bf1 Ng4 20. Qg3 h5 21. Re1 Re6 22. h3 ({Better is} 22. f3 $14 Nh6 23. Kh1) 22... Nh6 $11 23. Kh2 f6 (23... f5 $11) 24. Nb1 $2 (24. b4 $14 {keeps the upper hand.}) 24... g5 $2 ({Black should try} 24... f5 $1 $17 {...Rg6 is the strong threat.} 25. f3 Rf8) 25. Nc3 h4 26. Qe3 Re7 27. g3 (27. Nd5 $16 Nxd5 28. cxd5) 27... hxg3+ $1 28. fxg3 Rh7 $1 {aiming for ...Ng4+.} 29. Kg1 $36 {[%mdl 2048] White has good play.} (29. gxf4 $2 Ng4+ 30. Kh1 Nxe3 $19) 29... Ne6 {[#]} (29... Qc8 $11 30. gxf4 gxf4) 30. Nd5 (30. Qd3 $1 $16) 30... Rf8 $1 $14 31. Rc3 (31. Bg2 $14) 31... f5 32. exf5 Nxf5 33. Qe4 (33. Qd2 $5 {[%cal Rf1g2]}) 33... Ned4 (33... g4 $15 {stays ahead.}) 34. Bg2 Qe8 {[#]} (34... Ne7 $142) 35. Rd3 $1 $16 {[%cal Rb2d4]} Qf7 36. Rf1 {[%cal Rb2d4] White is more active.} Qg7 (36... Bxd5 $16 37. cxd5 (37. Qxd5 Qxd5 38. Bxd5+ Kg7 $16) 37... Qe8) 37. g4 Nh4 38. Rxf8+ {Dancing on a razor blade.} (38. Bxd4 $18 exd4 39. Qe6+ (39. Rxd4 Rxf1+ 40. Kxf1 Kf8 $16) 39... Kh8 40. Qxd6) 38... Kxf8 39. Bxd4 Nxg2 $2 {[%mdl 8192]} (39... exd4 $16 40. Qxd4 (40. Rxd4 Qe5 $16) 40... Qxd4+ 41. Rxd4 Nxg2) 40. Kxg2 $18 exd4 41. Rf3+ {Weighted Error Value: White=0.25 (precise) /Black=0.52} 1-0

[Event "15th Lazio Festival 2022"]
[Site "Rome"]
[Date "2022.01.03"]
[Round "2.3"]
[White "Massazza, Federico"]
[Black "D'antonio, Neri"]
[Result "0-1"]
[WhiteElo "1838"]
[BlackElo "2280"]
[Annotator "TA"]
[PlyCount "148"]
[EventDate "2022.01.02"]
[EventType "swiss"]
[EventCountry "ITA"]
[SourceTitle "playchess.com"]
[Source "ChessBase"]
[SourceQuality "1"]

{[%evp 17,148,0,11,-2,0,-7,0,-29,-14,-17,-12,-8,-14,-13,-20,-25,-23,-33,-36,-22,-28,-33,-27,-29,-18,-32,-8,-18,-12,-17,-16,-20,-18,-18,-6,-13,-6,-28,-9,-14,0,0,0,-7,-3,-19,-12,-18,-38,-47,0,0,0,0,0,0,0,0,0,-2,-12,-8,0,0,0,0,0,-2,0,0,0,0,0,0,0,-14,-16,-97,-77,-191,-165,-182,-175,-265,-82,-77,-74,-68,0,0,0,0,0,0,0,0,0,0,0,0,0,0,0,0,0,0,0,-177,-164,-164,-152,-199,-179,-407,-361,-229,-179,-211,-222,-222,-215,-201,-65,-65,-65,-65,-65,-65,-65,-197,-193,-189,-179]} 1. d4 d5 2. c4 dxc4 3. e3 e5 4. Bxc4 exd4 5. exd4 Bd6 6. Nf3 Nf6 7. O-O O-O 8. Nc3 Nc6 9. h3 h6 10. Bd3 {D20: Queen's Gambit Accepted: 3 e3 and 3 e4.} Nb4 11. Bb1 {[#]} c6 $146 ({Predecessor:} 11... Re8 12. a3 Nbd5 13. Qd3 Be6 14. Bc2 Qd7 15. Ne5 Qd8 16. Qg3 Nxc3 17. bxc3 Nh5 {1-0 (33) Andreikin,D (2728)-Zierk,S (2488) Chess.com INT 2021}) 12. Bd2 {The position is equal.} Re8 13. a3 Nbd5 14. Nxd5 Nxd5 15. Qc2 {Threatens to win with Qh7+.} Nf6 {Prevents Qh7+. Active counter play!} 16. Ba2 {[%cal Od2h6]} Be6 17. Bxe6 Rxe6 18. Rfe1 Rxe1+ 19. Rxe1 Bc7 20. Qb3 Bb6 21. Bb4 Qd5 22. Qd3 Re8 23. Rxe8+ Nxe8 24. Qe2 Qd7 25. Bc5 Nf6 26. Bxb6 axb6 27. Qe5 Ne8 28. Qb8 f6 29. h4 Kf7 30. Qf4 Ke7 31. h5 Qd6 32. Qg4 Qe6 33. Qg3 Qd6 {Inhibits Qb8.} (33... Kd7 $15) 34. Qg4 $11 Kd8 35. Nh4 Qd7 $1 36. Qf4 Nd6 {Inhibits Nf5.} 37. Ng6 Kc8 38. Nf8 Qe7 39. Ng6 Qe1+ 40. Kh2 Qe6 41. Nf8 Qe7 42. Ng6 Qc7 43. g3 Kb8 44. Nf8 {Strongly threatening Ne6.} Qe7 {To avoid Ne6} 45. Ng6 Qe6 46. Nf8 Qd5 47. Qg4 (47. g4 $11) 47... Nf5 48. Qf4+ (48. Ng6 $17) 48... Ka7 $19 49. Ng6 Nxd4 50. Ne7 (50. Nh4 $142) 50... Nf3+ $2 (50... Qxh5+ $19 {has better winning chances.} 51. Kg2 c5) 51. Kg2 $17 {[#]} Nh4+ $1 52. Kh3 Qh1+ (52... Qd7+ $15 53. Kxh4 Qxe7) 53. Kg4 $11 f5+ (53... g5 $5 54. Nc8+ (54. hxg6 $2 h5+ 55. Kxh5 Ng2+ 56. Qh4 Nxh4 $19) 54... Ka8 55. Nxb6+ Ka7 56. Nc8+ Ka8 57. Nb6+ Ka7 58. Nc8+ Ka8 59. Nb6+ $11) 54. Nxf5 Nxf5 55. Qxf5 {[%mdl 4096] Endgame KQ-KQ} Qd1+ 56. Kh3 Qe2 57. b3 Qb2 {[%csl LRa3,LRb3]} 58. Qf7 Qe5 59. f4 Qa1 60. a4 Qb2 61. f5 Qe2 62. Qxg7 $2 (62. g4 $11 {and White is okay.}) 62... Qxh5+ $19 63. Kg2 Qxf5 {And now ...Qc2+ would win.} 64. Qxh6 (64. Qc3 $17 {was called for.}) 64... Qd5+ 65. Kh2 $2 (65. Kf2) 65... Qxb3 66. g4 Qf3 (66... Qxa4 67. g5 $17) 67. g5 Qf4+ 68. Kg2 c5 ({Inferior is} 68... Qxa4 69. g6 $11) 69. Qf6 {[#]} Qg4+ ({Weaker is} 69... Qxa4 70. g6 $11) (69... Qd2+ $1 $19 70. Kf3 c4) 70. Kf2 $15 c4 {...Qd1 is the strong threat.} ({Of course not} 70... Qxa4 71. g6 $11) 71. g6 c3 $1 72. Qxc3 {Hoping for Qf6.} Qxg6 {White must now prevent ...Qf7+.} 73. Qd4 (73. Qc4 $1 $15) 73... Qc2+ 74. Kf3 Ka6 {Weighted Error Value: White=0.11 (very precise) /Black=0.09 (flawless)} 0-1

[Event "15th Lazio Festival 2022"]
[Site "Rome"]
[Date "2022.01.03"]
[Round "2.4"]
[White "Corvi, Marco"]
[Black "Di Maulo, Alessandra"]
[Result "1-0"]
[WhiteElo "2288"]
[BlackElo "1810"]
[Annotator "TA"]
[PlyCount "55"]
[EventDate "2022.01.02"]
[EventType "swiss"]
[EventCountry "ITA"]
[SourceTitle "playchess.com"]
[Source "ChessBase"]
[SourceQuality "1"]

{[%evp 9,55,14,22,-18,13,21,43,56,35,45,58,44,56,28,87,31,129,79,89,68,102,105,90,64,77,52,132,64,81,83,296,297,747,740,760,747,793,723,706,647,668,661,794,782,994,985,952,608]} 1. c4 e6 2. Nf3 d5 3. g3 Nf6 4. Bg2 Be7 5. O-O O-O 6. Ne5 {A14: English Opening: 1...e6 with b3 by White.} b6 7. cxd5 Nxd5 8. d4 {White is slightly better.} Bb7 9. e4 Nf6 10. Nc3 Nbd7 11. Nd3 {[#]} h6 $146 (11... c5 $11 {remains equal.}) ({Predecessor:} 11... c5 12. d5 exd5 13. exd5 Bd6 14. Bf4 Ne8 15. Re1 Ndf6 16. Ne5 a6 17. a4 Qc7 {½-½ (30) Malyuga,V (2162)-Okrugin,A (2040) Aleksin 2013}) 12. Bf4 (12. e5 $16 Bxg2 13. Kxg2) 12... Rc8 {[#]} (12... c5 $1 $14) 13. Re1 (13. e5 $142 $1 {[%cal Re5f6]} Nd5 14. Nxd5 Bxd5 15. Bxd5 exd5 16. Qg4) 13... Nb8 14. Ne5 a6 15. Rc1 Re8 16. a3 Bf8 17. h4 Qe7 (17... Nbd7 $14) 18. Qb3 (18. Nc4 $16) 18... Nh5 19. Be3 {White is much more active.} Qd6 $2 {This costs Black the game.} (19... Nf6 $16) 20. Nxf7 $18 Kxf7 (20... Qe7) 21. e5 {[%mdl 64] [#] Discovered Attack. White is clearly winning.} Qe7 22. Bxb7 Rcd8 23. Bf3 g6 24. Bxh5 gxh5 25. Qd1 Kg6 26. Ne4 {And now Nf6 would win.} Bg7 {Prevents Nf6.} 27. Qc2 {[%csl Ge5][%cal Re4d6]} Kf7 28. Qxc7 {Weighted Error Value: White=0.21 (precise) /Black=0.50} 1-0